Statistics for Famous Londoners

Click here to take the quiz!

General Stats

  • This quiz has been taken 965 times
  • The average score is 9 of 20

Answer Stats

ClueTown of BirthAnswer% Correct
Had six wivesGreenwichHenry VIII
81%
Rolling in the DeepTottenhamAdele
72%
Daughter of Paul McCartneySt John's WoodStella McCartney
72%
The ApprenticeHackneyAlan Sugar
68%
The X FactorLambethSimon Cowell
68%
60's ModelNeasdenTwiggy
64%
Twilight actorBarnesRobert Pattinson
63%
BoratHammersmithSacha Baron Cohen
62%
Narrator for BBC, the Blue PlanetIsleworthDavid Attenborough
60%
FrankensteinSomers TownMary Shelley
52%
Little BritainPaddingtonMatt Lucas
47%
Football Captain in 1966BarkingBobby Moore
46%
Diarist and Admirality OfficialWhitechapelSamuel Pepys
33%
Head of the Labour PartyEd Miliband
30%
Young British Artist, including My BedCroydonTracey Emin
29%
Mrs Dalloway, OrlandoKensingtonVirginia Woolf
22%
Comedy RoadshowMertonMichael Mcintyre
20%
Disc-Overy, Written in the StarsPlumsteadTinie Tempah
14%
Helped discover DNANotting HillRosalind Franklin
7%
Creater of EmpiricismStrandSir Francis Bacon
2%

Score Distribution

Percentile by Number Answered

Percent of People with Each Score

Your Score History

You have not taken this quiz